Online
Catalog

Matemática en la educación primaria II / (Record no. 50948)

MARC details
000 -CABECERA
campo de control de longitud fija 01192nam a22003497a 4500
003 - IDENTIFICADOR DEL NÚMERO DE CONTROL
campo de control DO-SdBNP
005 - FECHA Y HORA DE LA ÚLTIMA TRANSACCIÓN
campo de control 20211112122745.0
007 - CAMPO FIJO DE DESCRIPCIÓN FÍSICA--INFORMACIÓN GENERAL
campo de control de longitud fija ta
008 - DATOS DE LONGITUD FIJA--INFORMACIÓN GENERAL
campo de control de longitud fija 211112b2016 a|||e |||| 001 0 spa d
020 ## - NÚMERO INTERNACIONAL ESTÁNDAR DEL LIBRO
Número Internacional Estándar del Libro 9789945580228
040 ## - FUENTE DE LA CATALOGACIÓN
Centro catalogador/agencia de origen DO-SdBNP
Lengua de catalogación spa
Centro/agencia transcriptor BNPHU
082 4# - NÚMERO DE LA CLASIFICACIÓN DECIMAL DEWEY
Número de edición 22
Número de clasificación 372.7
Número de documento/Ítem G633m
100 10 - ENTRADA PRINCIPAL--NOMBRE DE PERSONA
9 (RLIN) 80564
Nombre de persona Gómez López, Nelson
245 ## - MENCIÓN DE TÍTULO
Título Matemática en la educación primaria II /
Mención de responsabilidad, etc. Nelson Gómez López
250 ## - MENCIÓN DE EDICIÓN
Mención de edición 2da.
260 ## - PUBLICACIÓN, DISTRIBUCIÓN, ETC.
Lugar de publicación, distribución, etc. Santiago de los Caballeros, Rep. Dom.
Nombre del editor, distribuidor, etc. UAPA,
Fecha de publicación, distribución, etc. 2016.
300 ## - DESCRIPCIÓN FÍSICA
Extensión 347 p. :
Otras características físicas il.;
Dimensiones 27 cm.
490 ## - MENCIÓN DE SERIE
Mención de serie Autroaprendizaje ;
Designación de volumen o secuencia v.3
504 ## - NOTA DE BIBLIOGRAFÍA, ETC.
Nota de bibliografía, etc. Bibliografía : p. 338-347.
505 ## - NOTA DE CONTENIDO CON FORMATO
Nota de contenido con formato Unidad I. Los Números enteros.
505 ## - NOTA DE CONTENIDO CON FORMATO
Nota de contenido con formato Unidad. II. Números racionales, irracionales y reales.
505 ## - NOTA DE CONTENIDO CON FORMATO
Nota de contenido con formato Unidad. III. Matemática lúdica.
505 ## - NOTA DE CONTENIDO CON FORMATO
Nota de contenido con formato Unidad IV. Razones, proporciones y porcentajes.
505 ## - NOTA DE CONTENIDO CON FORMATO
Nota de contenido con formato Unidad V. Introducción a la geometría.
505 ## - NOTA DE CONTENIDO CON FORMATO
Nota de contenido con formato Unidad VI. Perímetros y áreas.
590 ## - NOTA LOCAL (RLIN)
Nota local Inventariado, 2021 / SA
650 40 - PUNTO DE ACCESO ADICIONAL DE MATERIA--TÉRMINO DE MATERIA
9 (RLIN) 34579
Término de materia o nombre geográfico como elemento de entrada Matemática
650 40 - PUNTO DE ACCESO ADICIONAL DE MATERIA--TÉRMINO DE MATERIA
9 (RLIN) 30652
Término de materia o nombre geográfico como elemento de entrada Matemática
Subdivisión general Enseñanza
700 1# - PUNTO DE ACCESO ADICIONAL--NOMBRE DE PERSONA
Nombre de persona Hernández, Luisa
Término indicativo de función/relación Carrección de estilo
9 (RLIN) 66105
910 ## - DATOS DE OPCIÓN DEL USUARIO (OCLC)
Datos de opción del usuario Saquino
942 ## - ELEMENTOS DE PUNTO DE ACCESO ADICIONAL (KOHA)
Fuente del sistema de clasificación o colocación Dewey Decimal Classification
Tipo de ítem Koha Libro
Holdings
Estado de retiro Estado de pérdida Fuente del sistema de clasificación o colocación Restricciones de uso No para préstamo Código de colección Localización permanente Ubicación/localización actual Ubicación en estantería Fecha de adquisición Fuente de adquisición Total de préstamos Signatura topográfica completa Código de barras Fecha visto por última vez Número de copia Precio válido a partir de Tipo de ítem Koha Nota pública
    Dewey Decimal Classification   Préstamo en sala Monografías: Libros y Folletos Biblioteca Nacional Pedro Henríquez Ureña Dominicana En catalogación 21.03.2019 Donado   BNPHU DS 372.7 G633m 2021-28075 12.11.2021 v.3, e.3 12.11.2021 Libro S/A
    Dewey Decimal Classification Excluido de préstamo   Monografías: Libros y Folletos Biblioteca Nacional Pedro Henríquez Ureña Patrimonio Dominicano En catalogación 21.03.2019 Donado   BNPHU PD 372.7 G633m 2021-28073 12.11.2021 v.3 12.11.2021 Libro S/A
    Dewey Decimal Classification Excluido de préstamo   Monografías: Libros y Folletos Biblioteca Nacional Pedro Henríquez Ureña Patrimonio Dominicano En catalogación 21.03.2019 Donado   BNPHU PD 372.7 G633m 2021-28074 12.11.2021 v.3, e.2 12.11.2021 Libro S/A

Powered by Koha